[Event "Presolana op 35th"]
[Site "Presolana"]
[Date "2015.08.30"]
[Round "8"]
[White "Bracci, Andrea"]
[Black "Manoni, Emmanuel Denis"]
[Result "0-1"]
[WhiteElo "1878"]
[BlackElo "1892"]
[PlyCount "92"]
[EventDate "2015.08.23"]
[EventType "swiss"]
[EventRounds "8"]
[EventCountry "ITA"]
[SourceTitle "EXT 2024"]
[Source "ChessBase"]
[SourceDate "2023.10.10"]
[SourceVersion "1"]
[SourceVersionDate "2023.10.10"]
[SourceQuality "1"]

1. e4 c5 2. Nf3 d6 3. d4 cxd4 4. Nxd4 Nf6 5. Nc3 a6 6. Be2 e5 7. Nb3 Be7 8. Be3 Be6 9. 0-0 0-0 10. Qd2 b5 11. a4 b4 12. Nd5 Bxd5 13. exd5 Nbd7 14. a5 Qc7 15. f3 Rfc8 16. Rfc1 Qb7 17. Rd1 Ne8 18. Ra4 Rab8 19. Nc1 Nc5 20. Bxc5 Rxc5 21. b3 Rxa5 22. Kh1 Rxa4 23. bxa4 Qd7 24. a5 Nc7 25. Nb3 h6 26. Qe3 Nb5 27. Rf1 Bg5 28. Bxb5 Qxb5 29. Qe1 Qxd5 30. h4 Bd8 31. Qd1 Qxd1 32. Rxd1 Bxh4 33. Rxd6 Rd8 34. Rxd8+ Bxd8 35. Kg1 f5 36. Kf2 Kf7 37. Ke3 Ke6 38. Kd3 Kd5 39. c4+ bxc3 40. Kxc3 h5 41. Kb4 g5 42. Nc1 g4 43. fxg4 hxg4 44. Ne2 f4 45. Nc3+ Kd4 46. Na4 f3 0-1

[Event "Milan SSM August A"]
[Site "Milan"]
[Date "2015.08.02"]
[Round "4"]
[White "Motola, Jacopo"]
[Black "Bracci, Andrea"]
[Result "1-0"]
[WhiteElo "2164"]
[BlackElo "1878"]
[PlyCount "120"]
[EventDate "2015.07.31"]
[EventType "swiss"]
[EventRounds "7"]
[EventCountry "ITA"]
[SourceTitle "EXT 2024"]
[Source "ChessBase"]
[SourceDate "2023.10.10"]
[SourceVersion "1"]
[SourceVersionDate "2023.10.10"]
[SourceQuality "1"]

1. e4 c5 2. Nf3 e6 3. c3 d5 4. e5 Nc6 5. d4 Qc7 6. Be2 Bd7 7. 0-0 f6 8. Bf4 0-0-0 9. a3 h6 10. dxc5 fxe5 11. Nxe5 Nxe5 12. Qd4 Bxc5 13. Qxe5 Qxe5 14. Bxe5 Nf6 15. Nd2 Bb6 16. Bd3 Bc7 17. f4 Bb6+ 18. Bd4 Bxd4+ 19. cxd4 Bc6 20. Rfe1 Ne4 21. Nxe4 dxe4 22. Bxe4 Bxe4 23. Rxe4 Rd6 24. Rae1 Rhd8 25. Rxe6 Rxd4 26. g3 Rd2 27. R6e2 R8d7 28. Kf2 Rxe2+ 29. Rxe2 Kd8 30. Kf3 Rd6 31. Kg4 g6 32. Kf3 Kd7 33. h3 Rd3+ 34. Re3 Rd1 35. h4 h5 36. Rb3 b6 37. Ke2 Rh1 38. Kd2 Rg1 39. Re3 Rb1 40. Kc2 Rg1 41. Kc3 Kd6 42. Kc4 a6 43. a4 Rc1+ 44. Kb4 Rb1 45. b3 Rg1 46. a5 Kc7 47. axb6+ Kb7 48. Kc4 Rc1+ 49. Kd5 Rd1+ 50. Ke6 Rc1 51. Kf7 Rc6 52. Re7+ Kb8 53. Re6 Rc3 54. Rxg6 Rxb3 55. g4 Rf3 56. gxh5 Rxf4+ 57. Kg7 Rxh4 58. h6 Kb7 59. h7 a5 60. h8Q Rg4 1-0

[Event "Milan SSM op 08"]
[Site "Milan"]
[Date "2013.08.04"]
[Round "6"]
[White "Bracci, Andrea"]
[Black "Beltrami, Francesco"]
[Result "1/2-1/2"]
[WhiteElo "1905"]
[BlackElo "1873"]
[PlyCount "85"]
[EventDate "2013.07.31"]
[EventType "swiss"]
[EventRounds "7"]
[EventCountry "ITA"]
[SourceTitle "EXT 2015"]
[Source "ChessBase"]
[SourceDate "2014.11.20"]
[SourceVersion "1"]
[SourceVersionDate "2014.11.20"]
[SourceQuality "1"]

1. e4 c5 2. Nf3 Nc6 3. d4 cxd4 4. Nxd4 Nf6 5. Nc3 e5 6. Ndb5 d6 7. Bg5 a6 8. Bxf6 gxf6 9. Na3 b5 10. Nd5 f5 11. Bd3 Be6 12. c3 Bg7 13. Nxb5 Bxd5 14. exd5 Ne7 15. Na3 Qb6 16. Nc4 Qc7 17. Be2 0-0 18. 0-0 Qc5 19. b4 Qxd5 20. Nxd6 Rad8 21. Qxd5 Nxd5 22. Nb7 Nxc3 23. Bxa6 Ra8 24. b5 e4 25. a4 Ne2+ 26. Kh1 Bxa1 27. Rxa1 Rfb8 28. Nd6 Nd4 29. h4 Rb6 30. Nc4 Re6 31. Rd1 Nb3 32. Rd5 f4 33. Kg1 f6 34. a5 Raxa6 35. bxa6 Rxa6 36. Rf5 Rc6 37. Rb5 Rxc4 38. Rxb3 Rc1+ 39. Kh2 Ra1 40. g3 fxg3+ 41. Kxg3 Rxa5 42. Re3 f5 43. Kf4 1/2-1/2

[Event "Milan SSM op 08"]
[Site "Milan"]
[Date "2013.08.03"]
[Round "4"]
[White "Calandra, Mauro"]
[Black "Bracci, Andrea"]
[Result "0-1"]
[WhiteElo "1711"]
[BlackElo "1905"]
[PlyCount "90"]
[EventDate "2013.07.31"]
[EventType "swiss"]
[EventRounds "7"]
[EventCountry "ITA"]
[SourceTitle "EXT 2015"]
[Source "ChessBase"]
[SourceDate "2014.11.20"]
[SourceVersion "1"]
[SourceVersionDate "2014.11.20"]
[SourceQuality "1"]

1. d4 d5 2. e4 c6 3. Nc3 dxe4 4. Nxe4 Bf5 5. Ng3 Bg6 6. N1e2 e6 7. Nf4 Bd6 8. Nxg6 hxg6 9. Be3 Qc7 10. Qf3 Bxg3 11. fxg3 Nd7 12. Bd3 Ngf6 13. c4 Qa5+ 14. Bd2 Qh5 15. h3 Qxf3 16. gxf3 0-0-0 17. Be3 Nb6 18. 0-0-0 Rd7 19. b3 Na8 20. Kc2 Nc7 21. Rh2 b6 22. g4 Na6 23. c5 b5 24. a3 Nd5 25. Bc1 Nac7 26. h4 Kb7 27. b4 Na6 28. Kb3 Rhd8 29. h5 gxh5 30. Rxh5 Nf6 31. Be3 Nxh5 32. gxh5 Rh8 33. Rh1 Rd5 34. h6 gxh6 35. Rxh6 Rxh6 36. Bxh6 Rxd4 37. Kc3 Rh4 38. Bd2 Nc7 39. Be1 Nd5+ 40. Kc2 Rh2+ 41. Kb3 Kc8 42. a4 a6 43. axb5 axb5 44. Bc3 f5 45. Be5 Rf2 0-1

[Event "Milan SSM op 08"]
[Site "Milan"]
[Date "2013.08.02"]
[Round "3"]
[White "Bracci, Andrea"]
[Black "Astengo, Corrado"]
[Result "0-1"]
[WhiteElo "1905"]
[BlackElo "2114"]
[PlyCount "94"]
[EventDate "2013.07.31"]
[EventType "swiss"]
[EventRounds "7"]
[EventCountry "ITA"]
[SourceTitle "EXT 2015"]
[Source "ChessBase"]
[SourceDate "2014.11.20"]
[SourceVersion "1"]
[SourceVersionDate "2014.11.20"]
[SourceQuality "1"]

1. e4 c5 2. Nf3 e6 3. d4 cxd4 4. Nxd4 Nc6 5. Nc3 Qc7 6. f4 a6 7. Be2 b5 8. Bf3 Bb7 9. Nxc6 Bxc6 10. 0-0 Be7 11. Qe2 d6 12. a3 Nf6 13. Kh1 0-0 14. g4 d5 15. exd5 Nxd5 16. Nxd5 Bxd5 17. Bxd5 exd5 18. Be3 Rfe8 19. Qf2 Bd6 20. Rae1 Re4 21. Bc1 Rae8 22. Rxe4 Rxe4 23. Re1 Rxe1+ 24. Qxe1 Qxc2 25. Qe8+ Bf8 26. Qe1 h6 27. Qd2 Qe4+ 28. Qg2 Bc5 29. Qxe4 dxe4 30. f5 Bd4 31. Kg2 Kf8 32. b3 Ke7 33. Bf4 Kd7 34. Kf1 Kc6 35. Ke2 Kd5 36. Bc1 a5 37. Bd2 a4 38. bxa4 bxa4 39. Bb4 g6 40. fxg6 fxg6 41. Bf8 h5 42. gxh5 gxh5 43. h3 Bc5 44. Bxc5 Kxc5 45. Ke3 Kd5 46. Ke2 Kd4 47. Kd2 h4 0-1